Представление документа в формате RUSMARC

ПолеНазваниеЗначение
  Тип записи a
  Библиографический уровень a
001 Контрольный номер RU/CBS_Ul/BASE/535481509
005 Дата корректировки 20250124000049.6
100 Данные общей обработки __
a Данные общей обработки 20161219d2016 ||| 0rusy0189 ca
101 Язык документа 0_
a Язык текста rus
102 Страна публикации __
a Страна публикации RU
105 Кодированные данные (монография) __
a Кодированные данные (монография) y###||||000|y
200 Заглавие и сведения об ответственности 1_
a Заглавие Алексей Ягудин: Дочке наконец-то стали нравиться не экскаваторы, а куклы
b Общее обозначение материала Текст
e Сведения, относящиеся к заглавию [беседа с Олимпийским чемпионом по фигурному катанию о личной жизни]
f Первые сведения об ответственности А. Ягудин
300 Общие примечания __
a Общие примечания Ограничения по возрасту - 12+
461 Уровень набора _0
1 2000
a Комсомольская правда
463 Уровень физической единицы _0
1 001RU/CBS_Ul/BASE/535396550
1 2000
a № 50-т (14-21 декабря)
v С. 26 : фото
1 210
d 2016
600 Персоналии _0
a Персоналии (Фамилия) Ягудин
b Персоналии (Имя, инициалы) А.К.
606 Тематические рубрики 0_
a Основная рубрика Фигурное катание на коньках - Российская Федерация
606 Тематические рубрики 0_
a Основная рубрика Ягудин, Алексей Константинович (1980)
610 Ключевые слова 0_
a Ключевые слова спорт
a Ключевые слова спортсмены
a Ключевые слова спортсмены российские
a Ключевые слова фигурное катание
a Ключевые слова фигуристы
a Ключевые слова фигуристы российские
a Ключевые слова Олимпийские чемпионы
a Ключевые слова чемпионы мира
686 Индексы других классификаций __
a Классификационный индекс 75.719.6
2 Код системы ББК
700 Автор _1
a Фамилия Ягудин
b Имя (инициалы) А.
g Полное личное имя Алексей
801 Источник записи _0
a Страна RU
b Организация МБУК ЦБС г. Ульяновска
c Дата составления 20161219
g Правила каталогизации RCR
801 Источник записи _1
a Страна RU
b Организация МБУК ЦБС г. Ульяновска
c Дата составления 20161219
g Правила каталогизации RCR
901 Тип документа __
t Тип документа f
w Контрольный № источника RU/CBS_Ul/BASE/535396550
910 Корректоры записи __
a Корректор записи Библиотека 1
938 Служебная информация __
a Имя БД period